header

Domino reactions : (Record no. 82950)

MARC details
000 -LEADER
fixed length control field 01841nam a2200433 i 4500
001 - CONTROL NUMBER
control field ebr10826723
003 - CONTROL NUMBER IDENTIFIER
control field CaPaEBR
006 - FIXED-LENGTH DATA ELEMENTS--ADDITIONAL MATERIAL CHARACTERISTICS--GENERAL INFORMATION
fixed length control field m o d
007 - PHYSICAL DESCRIPTION FIXED FIELD--GENERAL INFORMATION
fixed length control field cr cn|||||||||
008 - FIXED-LENGTH DATA ELEMENTS--GENERAL INFORMATION
fixed length control field 140125t20142014gw a ob 001 0 eng d
020 ## - INTERNATIONAL STANDARD BOOK NUMBER
Cancelled/invalid ISBN 9783527334322
International Standard Book Number 9783527671335 (e-book)
International Standard Book Number 9783527671328 (e-Pub)
International Standard Book Number 9783527671311 (mobi)
International Standard Book Number 9783527671304 (o-Book)
040 ## - CATALOGING SOURCE
Original cataloging agency CaPaEBR
Language of cataloging eng
Description conventions rda
-- pn
Transcribing agency CaPaEBR
035 ## - SYSTEM CONTROL NUMBER
System control number (OCoLC)874148375
050 14 - LIBRARY OF CONGRESS CALL NUMBER
Classification number TA459
Item number .D665 2014eb
082 04 - DEWEY DECIMAL CLASSIFICATION NUMBER
Classification number 547.2
Edition number 23
245 00 - TITLE STATEMENT
Title Domino reactions :
Remainder of title concepts for efficient organic synthesis /
Statement of responsibility, etc edited by Lutz F. Tietze ; Anand Acharya [thirty two others], contributors.
264 #1 - PRODUCTION, PUBLICATION, DISTRIBUTION, MANUFACTURE, AND COPYRIGHT NOTICE
Place of production, publication, distribution, manufacture Weinheim, Germany :
Name of producer, publisher, distributor, manufacturer Wiley-VCH,
Date of production, publication, distribution, manufacture, or copyright notice 2014.
Date of production, publication, distribution, manufacture, or copyright notice �2014
300 ## - PHYSICAL DESCRIPTION
Extent 1 online resource (647 pages) :
Other physical details illustrations
336 ## - CONTENT TYPE
Content type term text
Source rdacontent
337 ## - MEDIA TYPE
Media type term computer
Source rdamedia
338 ## - CARRIER TYPE
Carrier type term online resource
Source rdacarrier
504 ## - BIBLIOGRAPHY, ETC. NOTE
Bibliography, etc Includes bibliographical references at the end of each chapters and index.
588 ## - SOURCE OF DESCRIPTION NOTE
Source of description note Description based on online resource; title from PDF title page (ebrary, viewed January 25, 2014).
590 ## - LOCAL NOTE (RLIN)
Local note Electronic reproduction. Palo Alto, Calif. : ebrary, 2015. Available via World Wide Web. Access may be limited to ebrary affiliated libraries.
650 #0 - SUBJECT ADDED ENTRY--TOPICAL TERM
Topical term or geographic name as entry element Metals.
Topical term or geographic name as entry element Organic compounds
General subdivision Synthesis.
Topical term or geographic name as entry element Organic compounds.
655 #0 - INDEX TERM--GENRE/FORM
Genre/form data or focus term Electronic books.
700 1# - ADDED ENTRY--PERSONAL NAME
Personal name Tietze, Lutz F.
Personal name Acharya, Anand.
776 08 - ADDITIONAL PHYSICAL FORM ENTRY
Display text Print version:
Title Domino reactions : concepts for efficient organic synthesis.
Place, publisher, and date of publication Weinheim, Germany : Wiley-VCH, c2014
Physical description xxiii, 621 pages
International Standard Book Number 9783527334322
797 2# - LOCAL ADDED ENTRY--CORPORATE NAME (RLIN)
Corporate name or jurisdiction name as entry element ebrary.
856 40 - ELECTRONIC LOCATION AND ACCESS
Uniform Resource Identifier <a href="http://site.ebrary.com/lib/rucke/Doc?id=10826723">http://site.ebrary.com/lib/rucke/Doc?id=10826723</a>
Public note An electronic book accessible through the World Wide Web; click to view

No items available.

© 2026 Rongo University
Contact us: librarian | system librarian | Rongo university